| 000 | 00358nam a22001451a 4500 | ||
|---|---|---|---|
| 082 |
_aS 294.5 _bSIV/O |
||
| 100 | _aSivasankar Sharma Kavyatheerth | ||
| 245 |
_aOmkar Nirnaya/ _cby Sivasankar Sharma Kavyatheerth |
||
| 260 |
_aNew Delhi: _bSamskar, _c2000. |
||
| 300 | _a122p. | ||
| 650 | _aOmkaram | ||
| 650 | _aHinduism | ||
| 650 | _aReligion | ||
| 942 | _cBK | ||
| 999 |
_c32149 _d32149 |
||